Chile y Tucumán en el Siglo XVI {El conflicto Villagra-Núñez del Prado} Refutación a las inexactitudes del señor don T. Thayer Ojeda en su Análisis crítico de la Nueva Crónica de la Conquista de Tucumán. Con diez apéndices y tres ilustraciones
Guardat en:
| Autor principal: | |
|---|---|
| Format: | Llibre |
| Idioma: | espanyol |
| Publicat: |
París
Le Livre Libre
1928
|
| Edició: | 1a. ed |
| Matèries: | |
| Etiquetes: |
Afegir etiqueta
Sense etiquetes, Sigues el primer a etiquetar aquest registre!
|
MARC
| LEADER | 00000nam a2200000 a 4500 | ||
|---|---|---|---|
| 001 | UCJ6753 | ||
| 003 | CL-VaPUC | ||
| 008 | 070124e19281228FR |||||||||||||||||spa|d | ||
| 082 | 0 | 4 | |a 983 |b LEV |2 21 |
| 100 | |a Levillier, Roberto |e author |9 523218 | ||
| 245 | 1 | 0 | |a Chile y Tucumán en el Siglo XVI {El conflicto Villagra-Núñez del Prado} Refutación a las inexactitudes del señor don T. Thayer Ojeda en su Análisis crítico de la Nueva Crónica de la Conquista de Tucumán. Con diez apéndices y tres ilustraciones |
| 250 | |a 1a. ed | ||
| 300 | |a 125 p | ||
| 942 | |c BK | ||
| 945 | |d 20070124 00:00:00 |a rinostro | ||
| 260 | |a París |b Le Livre Libre |c 1928 | ||
| 500 | |a Frente a p. 74, Mapa de Chile en 1548 | ||
| 600 | 0 | 7 | |a VALDIVIA, PEDRO DE |2 CL-VaPUC |9 317024 |
| 600 | 0 | 7 | |a NUÑEZ DEL PRADO, JUAN |2 CL-VaPUC |9 512238 |
| 600 | 0 | 7 | |a THAYER OJEDA, TOMAS |2 CL-VaPUC |9 507413 |
| 650 | 0 | |a Colonización española |9 256592 | |
| 650 | 0 | |a Fundación de ciudades |9 396125 | |
| 650 | 7 | |a DOCUMENTOS |2 CL-VaPUC |9 366450 | |
| 650 | 7 | |a CRITICA HISTORICA |2 CL-VaPUC |9 514033 | |
| 650 | 7 | |a CARTOGRAFIA COLONIAL |2 CL-VaPUC |9 505667 | |
| 650 | 0 | |a Mapas |9 260844 | |
| 651 | 7 | |a TUCUMAN |2 CL-VaPUC |9 357006 | |
| 651 | 0 | |a Copiapó |9 314911 | |
| 583 | |a last modification |c 20070124 00:00:00 |k Rodrigo Vera | ||
| 999 | |c 322855 |d 322853 | ||
| 952 | |0 0 |1 0 |4 0 |6 983_000000000000000_LEV_1928 |7 0 |8 X |9 401980 |a FDOBUD |b FDOBUD |d 2019-11-22 |i 105242K |o 983 LEV 1928 |p 105242K |r 2019-11-22 |w 2019-11-22 |y BK_X |k BUD | ||